Legende bei welchem Verein? - Statistiken

Allgemein
  • Dieses Quiz wurde 102 mal gespielt
  • Das Durchschnittsergebnis liegt bei 8 aus 12
Antwortstatistiken
Hint Antwort % Korrekt
Gerd Müller Bayern München
93%
Gerald Asamoah FC Schalke 04
88%
Pal Dárdai Hertha BSC
79%
Michael Zorc Borussia Dortmund
76%
Ulf Kirsten Bayer Leverkusen
69%
Karl-Heinz Körbel Eintracht Frankfurt
66%
Wolfgang Overath 1. FC Köln
59%
Hans-Hubert Vogts Borussia Mönchengladbach
58%
Werner Melzer 1. FC Kaiserslautern
50%
Guido Buchwald VfB Stuttgart
50%
Dieter Eilts Werder Bremen
48%
Manfred Kaltz Hamburger SV
47%
Keine übereinstimmenden Quizze gefunden
Verteilung der Resultate
Anzahl Personen mit jedem Resultat
Perzentil nach korrekt beantworteten Fragen
Ihre Resultats-Entwicklung
Sie haben dieses Quiz noch nicht gespielt